00430nam a2200181Ia 4500008004100000020001800041245002400059245002300083260001500106260002200121260000900143300001500152300002500167300001000192440001900202500000800221999001900229170705s9999 xx 000 0 und d a9780516236025 aChristopher Reeve / cby Philip Abraham. aNew York : bChildren's Press, c2002 a24 pages : bcolor illustration ; c15cm. aWelcome books. a170 c337087d337087